00730nam a22001577a 4500003000900000008004100009020002200050040007100072082001500143100002800158245004000186260003800226300002600264505026500290650001700555AR-CdUCM190327b           ||||| |||| 00| 0 spa d  a978-612-00-1942-9  aMUNICIPALIDAD PROVINCIAL DEL CUSCOcBIBLIOTECA MUNICIPAL DEL CUSCO  a657 /bA38  aAlfaro Linares, Jacinto  aSaneamiento contable en el Perú /  aLima :bPacifico Editores,c2015.  a188 paginas ;c23 cm.  aContenido :Marco conceptual metodológico --Procedimiento administrativo del contrato para realizar un buen saneamiento --Principales instrumentos técnicos para el buen saneamiento contable --Casos prácticos --Indicadores de desempeño--Ratios --Anexos /  aContabilidad